000 00349cam a22001217a 4500
008 180718b1950 xxu||||| |||| 00| 0 eng d
082 _aN1208x42 L775
100 _aLloyd, C.
245 _aBritish services education
_cby C. Lloyd
260 _aLondon
_bLongmans, Green
_c1950
300 _a95p.
650 _aBritish services --Education --Great Britain
999 _c436474
_d436474